German Football Clubs in 22/23 - Statistics

General Stats
  • This quiz has been taken 97 times
  • The average score is 37 of 56
Answer Stats
League Club % Correct
Bundesliga FC Bayern München
96%
Bundesliga Borussia Dortmund
95%
3. Liga Borussia Dortmund II
95%
Bundesliga FC Schalke 04
93%
Bundesliga RB Leipzig
93%
Bundesliga 1. FC Union Berlin
91%
Bundesliga Bayer 04 Leverkusen
91%
Bundesliga Hertha BSC
90%
Bundesliga Werder Bremen
90%
2. Bundesliga Hamburger SV
89%
Bundesliga VfL Wolfsburg
88%
Bundesliga SC Freiburg
85%
3. Liga SC Freiburg II
85%
Bundesliga VfB Stuttgart
85%
Bundesliga 1. FC Köln
84%
Bundesliga Eintracht Frankfurt
84%
Bundesliga 1. FSV Mainz 05
83%
Bundesliga TSG 1899 Hoffenheim
81%
2. Bundesliga 1. FC Nürnberg
80%
Bundesliga Borussia Mönchengladbach
80%
Bundesliga FC Augsburg
79%
Bundesliga VfL Bochum
78%
2. Bundesliga 1. FC Kaiserslautern
74%
2. Bundesliga Hannover 96
74%
2. Bundesliga Arminia Bielefeld
73%
3. Liga Dynamo Dresden
73%
2. Bundesliga FC St. Pauli
73%
2. Bundesliga Fortuna Düsseldorf
70%
2. Bundesliga Hansa Rostock
69%
2. Bundesliga SC Paderborn 07
69%
2. Bundesliga Eintracht Braunschweig
68%
2. Bundesliga Holstein Kiel
68%
2. Bundesliga SpVgg Greuther Fürth
64%
2. Bundesliga SV Darmstadt 98
64%
3. Liga TSV 1860 München
60%
2. Bundesliga 1. FC Magdeburg
59%
2. Bundesliga 1. FC Heidenheim
58%
3. Liga 1. FC Saarbrücken
56%
3. Liga MSV Duisburg
56%
3. Liga VfL Osnabrück
54%
3. Liga Rot-Weiss Essen
53%
3. Liga FC Ingolstadt 04
51%
2. Bundesliga SSV Jahn Regensburg
50%
3. Liga SV Waldhof Mannheim
49%
3. Liga SV Wehen Wiesbaden
49%
2. Bundesliga Karlsruher SC
48%
2. Bundesliga SV Sandhausen
45%
3. Liga FC Erzgebirge Aue
41%
3. Liga SV Elversberg
36%
3. Liga SV Meppen
34%
3. Liga FC Viktoria Köln
31%
3. Liga Hallescher FC
28%
3. Liga SC Verl
26%
3. Liga VfB Oldenburg
26%
3. Liga FSV Zwickau
25%
3. Liga SpVgg Bayreuth
21%
No matching quizzes found
Score Distribution
Percent of People with Each Score
Percentile by Number Answered
Your Score History
You have not taken this quiz